<?xml version="1.0" encoding="UTF-8"?>
<collection xmlns="http://www.loc.gov/MARC21/slim">
 <record>
  <leader>01785nam0a2200289   4500</leader>
  <controlfield tag="001">in00000004891</controlfield>
  <controlfield tag="005">20240428110008.5</controlfield>
  <datafield tag="010" ind1=" " ind2=" ">
   <subfield code="a">978-7-5426-8193-5</subfield>
   <subfield code="d">CNY59.00</subfield>
  </datafield>
  <datafield tag="035" ind1=" " ind2=" ">
   <subfield code="a">01024853</subfield>
  </datafield>
  <datafield tag="100" ind1=" " ind2=" ">
   <subfield code="a">20231016d2023    em y0chiy50      ea</subfield>
  </datafield>
  <datafield tag="101" ind1="1" ind2=" ">
   <subfield code="a">chi</subfield>
   <subfield code="c">dut</subfield>
  </datafield>
  <datafield tag="102" ind1=" " ind2=" ">
   <subfield code="a">CN</subfield>
   <subfield code="b">310000</subfield>
  </datafield>
  <datafield tag="105" ind1=" " ind2=" ">
   <subfield code="a">y   az  000yy</subfield>
  </datafield>
  <datafield tag="106" ind1=" " ind2=" ">
   <subfield code="a">r</subfield>
  </datafield>
  <datafield tag="200" ind1="1" ind2=" ">
   <subfield code="a">规则为什么会失败</subfield>
   <subfield code="9">gui ze wei shen me hui shi bai</subfield>
   <subfield code="e">法律管不住的人类行为暗码</subfield>
   <subfield code="d">The behavioral code</subfield>
   <subfield code="e">the hidden ways the law makes us better ... or worse</subfield>
   <subfield code="f">(荷)本雅明·范·罗伊(Benjamin van Rooij),亚当·费恩(Ddam Fine)著</subfield>
   <subfield code="g">高虹远译</subfield>
   <subfield code="z">eng</subfield>
  </datafield>
  <datafield tag="210" ind1=" " ind2=" ">
   <subfield code="a">上海</subfield>
   <subfield code="c">上海三联书店</subfield>
   <subfield code="d">2023</subfield>
  </datafield>
  <datafield tag="215" ind1=" " ind2=" ">
   <subfield code="a">297页</subfield>
   <subfield code="d">23cm</subfield>
  </datafield>
  <datafield tag="320" ind1=" " ind2=" ">
   <subfield code="a">有书目(第259-297页)</subfield>
  </datafield>
  <datafield tag="330" ind1=" " ind2=" ">
   <subfield code="a">为何系安全带的法规执行良好,而限速规定屡遭突破?竖立“此处禁倒垃圾”标语牌后,此处垃圾为何反而变多?比起法规本身,签名位置更能影响填表人的诚信?机构的安全手册、合规条款和内部举报机制为何形同虚设?严刑峻法反而能鼓励犯罪?......怎样才能避免一厢情愿甚至事与愿违?失败的规则单有处罚,却不提升安全、产量、环保效果、群体认同......依规律定规则,才是讲科学。人类行为有怎样的客观规律?阅读本书,发现答案。</subfield>
  </datafield>
  <datafield tag="510" ind1="1" ind2=" ">
   <subfield code="a">Behavioral code</subfield>
   <subfield code="e">the hidden ways the law makes us better ... or worse</subfield>
   <subfield code="z">eng</subfield>
  </datafield>
  <datafield tag="517" ind1="1" ind2=" ">
   <subfield code="a">法律管不住的人类行为暗码</subfield>
   <subfield code="9">fa lu guan bu zhu de ren lei xing wei an ma</subfield>
  </datafield>
  <datafield tag="606" ind1="0" ind2=" ">
   <subfield code="a">法理学</subfield>
  </datafield>
  <datafield tag="690" ind1=" " ind2=" ">
   <subfield code="a">D903</subfield>
   <subfield code="v">5</subfield>
  </datafield>
  <datafield tag="701" ind1=" " ind2="1">
   <subfield code="c">(荷)</subfield>
   <subfield code="a">罗伊</subfield>
   <subfield code="9">luo yi</subfield>
   <subfield code="c">(Rooij, , Benjamin van)</subfield>
   <subfield code="4">著</subfield>
  </datafield>
  <datafield tag="701" ind1=" " ind2="1">
   <subfield code="c">(荷)</subfield>
   <subfield code="a">费恩</subfield>
   <subfield code="9">fei en</subfield>
   <subfield code="c">(Fine, Ddam)</subfield>
   <subfield code="4">著</subfield>
  </datafield>
  <datafield tag="702" ind1=" " ind2="0">
   <subfield code="a">高虹远</subfield>
   <subfield code="9">gao hong yuan</subfield>
   <subfield code="4">译</subfield>
  </datafield>
  <datafield tag="999" ind1="f" ind2="f">
   <subfield code="s">eb2f682e-ffe7-4e88-b9fa-ca76c5f16c1b</subfield>
   <subfield code="i">205d4120-446b-49ae-a009-3122c8ee2970</subfield>
  </datafield>
 </record>
</collection>
